Vybrané kapitoly z aplikované psychologie II. : studijní text /

Hlavní autor: Ambrozová, Eva, 1966-
Korporativní autor: Univerzita obrany. Fakulta vojenského leadershipu
Další autoři: Ullrich, David, 1974-
Jazyk: Čeština
Vydáno: Brno : Univerzita obrany v Brně, 2020
Vydání: Vydání: první
Edice: Studijní text
Témata:
Fyzický popis: 107 stran : ilustrace ; 30 cm
Knihy
Uloženo v:
LEADER 02072nam a2200529 i 4500
001 nkc20203180710
003 CZ PrNK
005 20200529131600.0
007 ta
008 200313s2020 xr a e p 000 0 cze
015 |a cnb003180710 
020 |a 978-80-7582-107-2  |q (brožováno) :  |c Kč 137,00 
035 |a (OCoLC)1200246233 
040 |a BOA001  |b cze  |d ABA001  |e rda 
072 7 |a 159.98  |x Aplikovaná psychologie  |2 Konspekt  |9 17 
072 7 |a 37.016  |x Učební osnovy. Vyučovací předměty. Učebnice  |2 Konspekt  |9 22 
080 |a 159.98  |2 MRF 
080 |a 355/359:005  |2 MRF 
080 |a (075.8)  |2 MRF 
100 1 |a Ambrozová, Eva,  |d 1966-  |7 ola2008455772  |4 aut 
245 1 0 |a Vybrané kapitoly z aplikované psychologie II. :  |b studijní text /  |c Eva Ambrozová, David Ullrich 
250 |a Vydání: první 
264 1 |a Brno :  |b Univerzita obrany v Brně,  |c 2020 
300 |a 107 stran :  |b ilustrace ;  |c 30 cm 
336 |a text  |b txt  |2 rdacontent 
337 |a bez média  |b n  |2 rdamedia 
338 |a svazek  |b nc  |2 rdacarrier 
490 1 |a Studijní text 
500 |a Nad názvem: Univerzita obrany, Fakulta vojenského leadershipu 
500 |a Na obálce označení: S-3000/2 
500 |a 100 výtisků 
504 |a Obsahuje bibliografii 
650 0 7 |a aplikovaná psychologie  |7 ph118546  |2 czenas 
650 0 7 |a vojenský management  |7 ph940781  |2 czenas 
650 0 9 |a applied psychology  |2 eczenas 
650 0 9 |a military management  |2 eczenas 
655 7 |a učebnice vysokých škol  |7 fd133772  |2 czenas 
655 9 |a textbooks (higher)  |2 eczenas 
700 1 |a Ullrich, David,  |d 1974-  |7 jx20110628020  |4 aut 
710 2 |a Univerzita obrany.  |b Fakulta vojenského leadershipu  |7 mzk2014850241  |4 isb 
810 2 |a Univerzita obrany.  |t Studijní texty  |0 s 
910 2 |a BOA001  |b 4-1445.756 
990 |a BK 
995 |a 01 
991 |b 202005  |c NOV 
996 6 |b 2610819392  |c 4-1445.756  |l MZK  |r Sklad / do 1 hodiny  |n 2  |p p.v.  |w 001793589  |u 000010  |a 1  |e BOA001  |j MZK50  |s P 
996 7 |b 2610819393  |c 4-1445.756  |l MZK  |r Sklad / do 1 hodiny  |n 2  |p p.v.  |w 001793589  |u 000020  |a 1  |e BOA001  |j MZK50  |s A